LEADER 01592nam a2200349 i 4500 001 000000037805 003 CaOOAMICUS 005 20230309162902.0 008 050218s1980 it u000 u mul u 040 $aSeMil$bita 100 0 $aPlutarchus ,$d<46-120>.$0(OLS)http://semarc/name/1118 245 13$aLe vite di Licurgo e di Numa /$ca cura di Mario Manfredini e Luigi Piccirilli. 264 1$a[Milano] :$bFondazione Lorenzo Valla :$bArnoldo Mondadori,$c1980. 300 $aLVIII, 346 p. ;$c21 cm 490 1 $aScrittori greci e latini 541 0 $aFondo Ciprandi (1ZA A 42/2) 546 $aTesto greco a fronte 600 04$aLicurgo .$0(OLS)http://semarc/subject/7585 600 04$aNuma Pompilio .$0(OLS)http://semarc/subject/7586 700 1 $aPiccirilli, Luigi.$0(OLS)http://semarc/name/18066 700 1 $aManfredini, Mario.$0(OLS)http://semarc/name/18065 773 0 $aPlutarchus <46-120>$tVite Parallele.$d[Milano] : Fondazione Lorenzo Valla : Arnoldo Mondadori, 1988-2009.$kScrittori greci e latini$w()12968 830 0$aScrittori greci e latini.$0(OLS)http://semarc/title/137 850 $aSeMil 852 $aSeMil$W1$xVenegono$y1$m1ZA A 42/2$j238365$B3960$CSeMilBibl$Z2$F3960 $81 900 0 $aPlutarco. 941 1 $a1 961 $aOmaggio: Ciprandi dott. Paolo 996 $6245$aLe vite di Licurgo e di Numa$9(OLS)http://semarc/title/53094 996 $6264$a[Milano] :$bFondazione Lorenzo Valla :$bArnoldo Mondadori$9(OLS)http://semarc/publisher/30147 LEADER 01250nam a2200277 i 4500 001 000000229122 003 CaOOAMICUS 005 20140428000000.0 008 140428s1977 it u000 u eng u 013 $a208024 020 $a91-40-04417-3 040 $aSeMil$bita 100 1 $aCaragounis, Chrys C.$0(OLS)http://semarc/name/19399 245 14$aThe Ephesian Mysterion :$bmeaning and content /$cChrys C. Caragounis. 260 $aLund :$bCWK Gleerup,$c1977. 300 $a199 p. ;$c24 cm. 490 0 $aConiectanea biblica. New Testament series ;$v8 500 $aContiene : Bibliography. 650 4$aBibbia. Nuovo Testamento. Lettera agli Efesini - Commentari, studi, critica, interpretazioni.$0(OLS)http://semarc/subject/5917 650 4$aMysterion .$0(OLS)http://semarc/subject/34007 830 0$aConiectanea biblica. New Testament series ;$v8.$0(OLS)http://semarc/title/40259 850 $aSeMil 852 $aSeMil$W1$xVenegono$y1$m2Y II 8$j179468$B179468$CSeMilBibl$Z2$F190567 $81 996 $6020$a91-40-04417-3$9(OLS)http://semarc/number/231470 996 $6245$aThe Ephesian Mysterion :$bmeaning and content$9(OLS)http://semarc/title/327789 996 $6260$aLund :$bCWK Gleerup$9(OLS)http://semarc/publisher/38211